Les Équipes du MCU - Statistiques

Statistiques générales
  • Ce quiz a été pris 27 fois
  • Le résultat moyen est 5 sur 32
Statistiques - réponses
Équipes
% Correct
Avengers
100%
Gardiens de la galaxie
75%
Thunderbolts
63%
4 fantastiques
58%
X-men
50%
SHIELD
29%
Eternels
25%
Hydra
25%
Defenders
21%
Revengers
8%
TVA
8%
Dora Milaje
4%
Fugitifs
4%
Illuminati
4%
Ordre noir / enfants de Thanos
4%
Ravageurs
4%
Armée de Ta Lo
0%
Atlas
0%
Cohortes de Nova
0%
Combattants de la liberté
0%
Conseil des Kang
0%
Damage control
0%
Division Deadpool
0%
Jabaris
0%
Maitres des arts mystiques
0%
Spider team
0%
Starforce
0%
Talokanils
0%
Tribu de la porte
0%
Tribu dorée
0%
Valkyries
0%
Veuves noir / Widows
0%
Aucun quiz correspondant
Distribution des résultats
% des personnes avec chaque résultat
Percentile par nombre de réponses
Votre historique - résultats
Vous n’avez pas pris ce quiz